zpět

Detail výsledku týmu

The Pub Praha 2 ST, Praha

Datum a čas kvízu

20.5 Celkem bodů Celkový počet nahraných bodů na tomto kvízu bez doplňovacích otázek.
14. Pořadí na kvízu Konečné umístění týmu na tomto kvízu.

Zaznamenané odpovědi

# Otázka Odpověď Body Výsledky
1. Pražský magistrát již v létě p... My, Praha 0
2. Britský deník The Times zveřej... Mikuláš Minář 0
3. Jedné americké herečce byl zab... Sharon Stone 0
4. Bývalý šéf jisté japonské auto... Nissan 0
5. Kolik fanoušků sledovalo v Drá... 30 000 diváků 0
6. 1. ledna došlo ke zvýšení rodi... 300 000 Kč 1
7. V jednom z francouzských zámoř... Nová Kaledonie 0
8. 25. ledna začíná čínský rok __... kovové 0
9. Nejbezpečnějšími aerolinkami p... Qantas 0
10. V červenci a srpnu se v Japons... D 1